| 000 | 00000nam##2200000za#4500 |
| 001 | 9.604251 |
| 003 | CaOODSP |
| 005 | 20210624211458 |
| 007 | cr ||||||||||| |
| 008 | 150406|2006||||xxc|||||o f|0| 0 fre|d |
| 040 | |aCaOODSP|bfre |
| 043 | |an-cn--- |
| 086 | 1 |aTU3-5/06-11F-PDF |
| 110 | 2 |aBureau de la sécurité des transports du Canada. |
| 245 | 10|aPanne moteur à l'hélicoptère Bell 206L-3 C-GDTM, exploité par Héli Star Inc. à 26 nm au nord-est de La Tuque (Québec), le 7 juin 2006 |h[ressource électronique] |
| 260 | |aGatineau - Québec : |bBureau de la sécurité des transports du Canada |c2007. |
| 300 | |a8p.|bfigures (certaines en couleur) |
| 490 | 1 |aRapport d'enquête aéronautique |vA06Q0091 |
| 500 | |a« Le Bureau a autorisé la publication du rapport le 30 mai 2007 » --p.8. |
| 590 | |a12-33-Supp|b2012-07-18 |
| 775 | 08|tEngine failure - Héli Star Inc. Bell 206L-3 helicopter C-GDTM, La Tuque, Quebec, 26 nm NE, 07 June 2006 |w(CaOODSP)9.574507 |
| 830 | #0|aRapport d'enquête aéronautique ;|vA06Q0091|w(CaOODSP)9.501229 |
| 856 | 40|ahttp://publications.gc.ca|qPDF|s200 Ko|uhttps://publications.gc.ca/collections/collection_2012/bst-tsb/TU3-5-06-11-fra.pdf|yA06Q0091 |